Memory [juego] /
Guardado en:
| Formato: | Objeto Físico |
|---|---|
| Publicado: |
Argentina :
Romi y Mati,
[199?]
|
| Materias: | |
| Etiquetas: |
Agregar Etiqueta
Sin Etiquetas, Sea el primero en etiquetar este registro!
|
| LEADER | 00787nrm a22001815g 4500 | ||
|---|---|---|---|
| 001 | CEM.cems019119 | ||
| 008 | 130507b199?##################0###0#####d | ||
| 005 | 20220829162658.0 | ||
| 003 | CEMS | ||
| 245 | 0 | 0 | |a Memory [juego] / |c Romi Y Mati |
| 260 | |a Argentina : |b Romi y Mati, |c [199?] | ||
| 300 | |a 1 juego (40 tarjetas en pareja: 80 piezas, de cartón) ; en caja 24 x 20 x 3 cm. + manual de instrucciones. | ||
| 500 | |a Para 2 o más jugadores, solos o en parejas. para niños menores de 8 años reducir la cantidad de tarjetas a 20 parejas utilice y desarrolle su memoria. | ||
| 082 | 0 | 4 | |a J793.7 |
| 653 | |a 1.juegos de entretenimiento general. | ||
| 653 | |a 2. juegos de memoria | ||
| 653 | |a 3. juegos no caracterizados por la acción | ||
| 859 | |a CEMS |b BIB. CEMS - Ludoteca |h J793.7 |i R664 |p 009.92 |t Ej.1 | ||
